| 000 | 00495nam a22001697a 4500 | ||
|---|---|---|---|
| 003 | OSt | ||
| 005 | 20120302145003.0 | ||
| 008 | 090416t xxu||||| |||| 00| 0 eng d | ||
| 035 | _a२३८४ | ||
| 040 | _cमराठी | ||
| 100 |
_aडांगे , अनिल _93508 |
||
| 245 | _aएरिअल आणि पोरकं पाखरु | ||
| 250 | _a१ ली | ||
| 260 |
_aमुंबई _bमौज _c१९७६ |
||
| 300 | _b१६० पाने | ||
| 942 |
_2ddc _cBOOK |
||
| 999 |
_c488675 _d488672 |
||